League of Legends : Familiers - Statistiques

Statistiques générales
  • Ce quiz a été pris 84 fois
  • Le résultat moyen est 14 sur 53
Statistiques - réponses
Champion Type de familier Nom du familier % Correct
Annie Peluche Tibbers
86%
Braum Animal à qui il donne des moustaches Poro
75%
Nunu Yéti Willump
75%
Kindred Moitié Agneau
67%
Kindred Moitié Loup
66%
Lulu Fairy Pix
55%
Aphelios Soeur Alune
52%
Bard Esprits Meeps
48%
Kled Monture Skaarl
47%
Yorick Invocation 2 Vierge de Brume
47%
Aphelios Arme 3 Gravitum
45%
Jinx Taser Zap
44%
Kayn Darkin Rhaast
42%
Quinn Animal Valor
41%
Illaoi Dieu Nagakabouros
38%
Vex Compagnon Ombre
38%
Yorick Invocation 1 Goule de Brume
34%
Ashe Oiseau éclaireur Anivia
33%
Udyr Esprit du Cryophénix Anivia
33%
Pantheon Human Host Atreus
33%
Gwen & Senna Fragment d'âme Isolde
33%
Jinx Bazooka Poiscaille
33%
Aphelios Arme 2 Severum
31%
Udyr Esprit du Bélier Ornn
30%
Aphelios Arme 4 Infernum
28%
Udyr Esprit de l'Ours Volibear
28%
Jinx Mitraillette Bang-Bang
25%
Rumble Robot Tristy
25%
Jinx Grenades Pyromâcheur
23%
Nilah Demon de la joie Ashlesh
20%
Aphelios Arme 5 Crescendum
20%
Aphelios Arme 1 Calibrum
19%
Sejuani Animal Bristle
17%
Fizz Requin moyen Chomper
17%
Swain Démon des secrets Raum
16%
Jinx Ultimate Super Roquette de la Mort
14%
Tristana Canon Boomer
9%
Elise Démon araignée Vilemaw
9%
Varus Humain 2 Kai
5%
Varus Humain 1 Valmar
5%
Janna Animal Zéphyr
5%
Akshan Arme Expiateur
3%
Bel'Veth Néantins Rémoras du Néant
3%
Miss Fortune Pistolet 1 Choc
2%
Miss Fortune Pistolet 2 Effroi
2%
Sona Instrument Etwahl
2%
Poppy Marteau Marteau d'Orlon
2%
Oriana Robot Sphère
2%
Fizz Grand requin Gigalodon
0%
Yuumi Véhicule Grimoire des Seuils
0%
Fizz Petit requin Guppy
0%
Corki Véhicule Hélicoptère de Reconnaissance Opérationelle de Première Ligne
0%
Udyr Esprit du Sanglier Ildhaurd
0%
Aucun quiz correspondant
Distribution des résultats
% des personnes avec chaque résultat
Percentile par nombre de réponses
Votre historique - résultats
Vous n’avez pas pris ce quiz